Crimen y castigo (I) /
Guardado en:
| Autor Principal: | |
|---|---|
| Otros Autores: | |
| Formato: | Libro |
| Idioma: | Spanish |
| Publicado: |
Buenos Aires :
Hyspamerica,
1982.
|
| Edición: | 1a ed. |
| Series: | Historia Universal de la Literatura ;
4 |
| Materias: | |
| Etiquetas: |
Agregar Etiqueta
Sin Etiquetas, Sea el primero en etiquetar este registro!
|
| LEADER | 00738nam a22002175a 4500 | ||
|---|---|---|---|
| 001 | CEM.cems024505 | ||
| 008 | 250212s1982####ag############000#0#spa#d | ||
| 005 | 20250214162142.0 | ||
| 245 | 1 | 0 | |a Crimen y castigo (I) / |c Fedor Dostoievski. |
| 250 | |a 1a ed. | ||
| 260 | |a Buenos Aires : |b Hyspamerica, |c 1982. | ||
| 300 | |a 303 p. | ||
| 490 | 1 | |a Historia Universal de la Literatura ; |v 4 | |
| 500 | |a Título original: "Prestupleinie i Nakazainie". | ||
| 020 | |a 9506140049 | ||
| 100 | 1 | |a Dostoievski, Fedor. | |
| 700 | 1 | |a Vidad, Augusto; trad. | |
| 653 | |a Literatura rusa | ||
| 653 | |a Novela rusa | ||
| 859 | |a CEMS |b BIB. CEMS - 11 de abril |h 891.733 |i D742a1 |p 29765.25 |t Ej.1 |v I | ||
| 859 | |a CEMS |b BIB. CEMS - 11 de abril |h 891.733 |i D742a1 |p 29752.25 |t Ej.2 |v I | ||
